Score 0/15 Timer 01:30
1 Play Today
% Correct
Schnelle Wahl
74.8%
Choix rapide
70.4%
Escolha rápida
67.6%
빠른 선택
66.1%
быстрый выбор
65.2%
γρήγορη επιλογή
60.1%
Dewis cyflym
59.9%
Velox pick
59.3%
% Correct
Recoge rápido
57%
Szybkie pick
56.3%
Fljótur velja
54.1%
விரைவான தேர்வு
50.4%
Hurtig pick
36.2%
ਤੇਜ਼ ਪਸੰਦੀਦਾ
36.2%
Snabb pick
22.9%

Today's Daily Dose

Missing Word
I Hardly Know Her!

Word Ladder
Sentence Ending

Quick Pick
Female Firsts

Get the Picture
Triathlon Sports

Remove Ads.
Support Sporcle.
Get the best of Sporcle when you Go Orange. This ad-free experience offers more features, more stats, and more fun while also helping to support Sporcle. Thank you for becoming a member.

You're not logged in!

Compare scores with friends on all Sporcle quizzes.
OR
Log In

Show Comments

Extras

Top Quizzes Today


Score Distribution

Your Account Isn't Verified!

In order to create a playlist on Sporcle, you need to verify the email address you used during registration. Go to your Sporcle Settings to finish the process.

Report this User

Report this user for behavior that violates our Community Guidelines.

Details: